Durability of macromolecular materials : based on a symposium /
Guardado en:
| Autores Corporativos: | , |
|---|---|
| Otros Autores: | |
| Formato: | Libro |
| Idioma: | English |
| Publicado: |
Washington, D.C. :
American Chemical Society (ACS),
1979.
|
| Series: | ACS symposium series ;
95. |
| Materias: | |
| Etiquetas: |
Agregar Etiqueta
Sin Etiquetas, Sea el primero en etiquetar este registro!
|
| LEADER | 01373cam a22002895a 4500 | ||
|---|---|---|---|
| 001 | EIQ.libpla001140 | ||
| 008 | 790102s1979####dcua#####b####101#0#eng#d | ||
| 005 | 20060809145348.0 | ||
| 245 | 1 | 0 | |a Durability of macromolecular materials : |b based on a symposium / |c sponsored by the ACS Macromolecular Secretariat, the Society of Plastics Engineers, and the American Physical Society at the 176th meeting of the American Chemical Society, Miami, Florida, September 11-14, 1978 ; R. K. Eby, editor. |
| 260 | |a Washington, D.C. : |b American Chemical Society (ACS), |c 1979. | ||
| 300 | |a xii, 476 p. : |b il. ; |c 24 cm. | ||
| 490 | 1 | |a ACS symposium series ; 95, |x 0097-6156 | |
| 504 | |a Incluye referencias bibliográficas e índice. | ||
| 020 | |a 0841204853 | ||
| 111 | 2 | |a Symposium on durability of macromolecular materials |d (1978 : |c Miami) | |
| 700 | 1 | |a Eby, Ronald K. |q (Ronald Kraft), |d 1929- | |
| 710 | 2 | |a American Chemical Society. |b Macromolecular Secretariat. | |
| 830 | 0 | |a ACS symposium series ; |v 95. | |
| 082 | 0 | 0 | |a 620.1/92 |2 19 |
| 650 | 4 | |a Polímeros |x Congresos. | |
| 650 | 4 | |a Polímeros |x Deterioro. | |
| 650 | 4 | |a Polymers |x Congresses. | |
| 650 | 4 | |a Polymers |x Deterioration. | |
| 010 | |a 78031777 | ||
| 040 | |a DLC |c DLC |d AR-BbSID | ||
| 859 | |a AR-BbSID |b BIB. PLAPIQUI |h 620.192 |i Sy 68 |p 1710 |t Ej. 1 |v Ej. 1 | ||
| 859 | |a AR-BbSID |b BIB. PLAPIQUI |h 620.192 |i Sy 68 |p 740 |t Ej. 2 |v Ej. 2 | ||
